African human rights system, activist forces and international institutions / (Record no. 499)

MARC details
000 -LEADER
fixed length control field 02043cam a2200421 a 4500
005 - DATE AND TIME OF LATEST TRANSACTION
control field 20130307145918.0
006 - FIXED-LENGTH DATA ELEMENTS--ADDITIONAL MATERIAL CHARACTERISTICS--GENERAL INFORMATION
fixed length control field m d
007 - PHYSICAL DESCRIPTION FIXED FIELD--GENERAL INFORMATION
fixed length control field cr |||
008 - FIXED-LENGTH DATA ELEMENTS--GENERAL INFORMATION
fixed length control field 070829s2007 enk b 001 0 eng
010 ## - LIBRARY OF CONGRESS CONTROL NUMBER
LC control number 2007279865
015 ## - NATIONAL BIBLIOGRAPHY NUMBER
National bibliography number GBA681953
Source bnb
016 7# - NATIONAL BIBLIOGRAPHIC AGENCY CONTROL NUMBER
Record control number 013562849
Source Uk
020 ## - INTERNATIONAL STANDARD BOOK NUMBER
International Standard Book Number 9780521869065
020 ## - INTERNATIONAL STANDARD BOOK NUMBER
Cancelled/invalid ISBN 0521869064 (hbk.)
020 ## - INTERNATIONAL STANDARD BOOK NUMBER
Cancelled/invalid ISBN 0511273320
020 ## - INTERNATIONAL STANDARD BOOK NUMBER
Cancelled/invalid ISBN 0511274114
035 ## - SYSTEM CONTROL NUMBER
System control number (OCoLC)71808163
Canceled/invalid control number (OCoLC)171125753
-- (OCoLC)171140743
040 ## - CATALOGING SOURCE
Transcribing agency TZ-ArACH
041 ## - LANGUAGE CODE
Language code of text/sound track or separate title Eng
043 ## - GEOGRAPHIC AREA CODE
Geographic area code f------
050 00 - LIBRARY OF CONGRESS CALL NUMBER
Classification number JC599.A35
Item number O53 2007
082 04 - DEWEY DECIMAL CLASSIFICATION NUMBER
Classification number 323.096
Edition number 22
100 1# - MAIN ENTRY--PERSONAL NAME
Personal name Okafor, Obiora Chinedu.
9 (RLIN) 8339
245 14 - TITLE STATEMENT
Title African human rights system, activist forces and international institutions /
Statement of responsibility, etc Obiora Chinedu Okafor.
260 ## - PUBLICATION, DISTRIBUTION, ETC. (IMPRINT)
Place of publication, distribution, etc Cambridge :
Name of publisher, distributor, etc Cambridge University Press,
Date of publication, distribution, etc 2007.
300 ## - PHYSICAL DESCRIPTION
Extent xiv, 336 p. ;
Dimensions 24 cm.
504 ## - BIBLIOGRAPHY, ETC. NOTE
Bibliography, etc Includes bibliographical references and index.
650 #0 - SUBJECT ADDED ENTRY--TOPICAL TERM
Topical term or geographic name as entry element Human rights
Geographic subdivision Africa.
9 (RLIN) 8340
856 42 - ELECTRONIC LOCATION AND ACCESS
Materials specified Publisher description
Uniform Resource Identifier <a href="http://www.loc.gov/catdir/enhancements/fy0726/2007279865-d.html">http://www.loc.gov/catdir/enhancements/fy0726/2007279865-d.html</a>
856 42 - ELECTRONIC LOCATION AND ACCESS
Materials specified Contributor biographical information
Uniform Resource Identifier <a href="http://www.loc.gov/catdir/enhancements/fy0726/2007279865-b.html">http://www.loc.gov/catdir/enhancements/fy0726/2007279865-b.html</a>
856 41 - ELECTRONIC LOCATION AND ACCESS
Materials specified Table of contents only
Uniform Resource Identifier <a href="http://www.loc.gov/catdir/enhancements/fy0726/2007279865-t.html">http://www.loc.gov/catdir/enhancements/fy0726/2007279865-t.html</a>
942 ## - ADDED ENTRY ELEMENTS (KOHA)
Source of classification or shelving scheme Library of Congress Classification
Koha item type Books
Holdings
Home library Current library Shelving location Date acquired Full call number Barcode Koha item type Public note
African Court on Human and Peoples' Rights Library African Court on Human and Peoples' Rights Library   27/08/2010 JC599 .A35 O53 10001433 Books Reserve Copy
African Court on Human and Peoples' Rights Library African Court on Human and Peoples' Rights Library   27/08/2010 JC599 .A35 O53 10001441 Books  
African Court on Human and Peoples' Rights Library African Court on Human and Peoples' Rights Library   27/08/2010 JC599 .A35 O53 (Reserve Copy) 10001484 Books Located at Reserve Section
African Court on Human and Peoples' Rights Library African Court on Human and Peoples' Rights Library   27/08/2010 JC599 .A35 O53 10001522 Books  
African Court on Human and Peoples' Rights Library African Court on Human and Peoples' Rights Library   07/03/2013 JC599 .A35 O53 10023925 Books  

African Court on Human and Peoples' Rights | For Inquiries Contact » +255 272 510 510